000 00309nam a2200121Ia 4500
008 220120s9999||||xx |||||||||||||| ||und||
020 _a9-971-51239-4
100 _aMurthy, strinivasa, Das,J.B.K
245 0 _aDesign of machine elements
260 _c2005
300 _b250
650 _aSIGNAL PROCESSING
_9719
999 _c132119
_d132119